Teen Titans Go! Super Trivia - Statistics

General Stats
  • This quiz has been taken 351 times
  • The average score is 10 of 17
Answer Stats
Hint Character % Correct
Leader Robin
99%
Shapeshifter Beast Boy
98%
Robot man Cyborg
98%
Alien Princess Starfire
98%
Demon spawn Raven
97%
Leader of HIVE Five Gizmo
80%
Demon Spawn's dad Trigon
61%
Rock controlling Villain Terra
51%
Princess' Little Bungorf Silkie
49%
Hobo that likes Beans Sticky Joe
49%
Giant Evil Block man Cinderblock
46%
Robot's Little buddie Pain Bot
45%
Shapeshifter's pet wolf Dave
32%
Hive Academy Instuctor Brother Blood
30%
Soul that comes out of Sofa Couch Spirit
21%
Magician Mumbo Jumbo
20%
Cool Villain Rose Wilson
18%
No matching quizzes found
Score Distribution
Percent of People with Each Score
Percentile by Number Answered
Your Score History
You have not taken this quiz